National Rating System : GRIHA Manual (Record no. 17908)

MARC details
000 -LEADER
fixed length control field 00372nam a2200145Ia 4500
008 - FIXED-LENGTH DATA ELEMENTS--GENERAL INFORMATION
fixed length control field 220803s9999 xx 000 0 und d
041 ## - LANGUAGE CODE
Language code of text/sound track or separate title eng
082 ## - DEWEY DECIMAL CLASSIFICATION NUMBER
Classification number 697.94 GOV
100 ## - MAIN ENTRY--PERSONAL NAME
Personal name Goverment
9 (RLIN) 28234
245 ## - TITLE STATEMENT
Title National Rating System : GRIHA Manual
260 ## - PUBLICATION, DISTRIBUTION, ETC. (IMPRINT)
Place of publication, distribution, etc. New Delhi
Name of publisher, distributor, etc. Teri Press
Date of publication, distribution, etc. 2007
300 ## - PHYSICAL DESCRIPTION
Extent 114p
650 ## - SUBJECT ADDED ENTRY--TOPICAL TERM
Topical term or geographic name as entry element Standard
9 (RLIN) 28235
700 ## - ADDED ENTRY--PERSONAL NAME
Personal name Goverment
9 (RLIN) 28234
Holdings
Withdrawn status Lost status Damaged status Not for loan Home library Current library Shelving location Date acquired Full call number Barcode Date last seen Bill Date Koha item type Original Barcode
      Reference Dr. Bhanuben Nanavati College of Architecture Dr. Bhanuben Nanavati College of Architecture   02/08/2010 697.94 GOV BNCA-DB-395 03/08/2022 03/08/2022 Donated Book DB000395
      Reference Dr. Bhanuben Nanavati College of Architecture Dr. Bhanuben Nanavati College of Architecture   02/08/2010 697.94 GOV BNCA-DB-396 03/08/2022 03/08/2022 Donated Book DB000396